Juan Fernández / (Record no. 193128)

MARC details
000 -LEADER
campo de control de longitud fija 01323nam a2200349 i 4500
001 - NÚMERO DE CONTROL
campo de control 193128
003 - IDENTIFICADOR DE NÚMERO DE CONTROL
campo de control ES-MaACL
005 - FECHA Y HORA DE LA ÚLTIMA TRANSACCIÓN
campo de control 20251114105100.0
007 - CAMPO FIJO DE DESCRIPCIÓN FÍSICA--INFORMACIÓN GENERAL
campo de control de longitud fija ta
008 - DATOS DE LONGITUD FIJA--INFORMACIÓN GENERAL
campo de control de longitud fija 230822s2003 sp | spa d
040 ## - FUENTE DE CATALOGACIÓN
Centro catalogador/agencia de origen UNAV
Lengua de catalogación spa
Centro/agencia transcriptor ES-MaACL
100 1# - ENTRADA PRINCIPAL--NOMBRE DE PERSONA
Nombre de persona Fernández, Juan (
Fechas asociadas al nombre 1950-)
9 (RLIN) 174447
245 10 - MENCIÓN DEL TÍTULO
Título Juan Fernández /
Mención de responsabilidad, etc. [textos, José Marín-Medina, José Pérez-Guerra, Mario Antolín Paz]
260 ## - PUBLICACIÓN, DISTRIBUCIÓN, ETC.
Lugar de publicación, distribución, etc. [Derio, Vizcaya] :
Nombre del editor, distribuidor, etc. Ecolograf,
Fecha de publicación, distribución, etc. imp. 2003
300 ## - DESCRIPCIÓN FÍSICA
Extensión 61 p. :
Otras características físicas principalmente il. ;
Dimensiones 28 cm
336 ## - TIPO DE CONTENIDO
Fuente rdacontent
Término de tipo de contenido Texto
337 ## - TIPO DE MEDIO
Fuente rdamedia
Nombre/término del tipo de medio sin mediación
338 ## - TIPO DE SOPORTE
Fuente rdacarrier
Nombre/término del tipo de soporte volumen
500 ## - NOTA GENERAL
Nota general Catalogación provisional. Signatura: N 8616. Depósito J.
600 14 - PUNTO DE ACCESO ADICIONAL DE MATERIA--NOMBRE DE PERSONA
Nombre de persona Fernández, Juan (
Fechas asociadas al nombre 1950-)-
Subdivisión de forma Catalogos
9 (RLIN) 234003
650 04 - PUNTO DE ACCESO ADICIONAL DE MATERIA--TÉRMINO DE MATERIA
Término de materia o nombre geográfico como elemento de entrada Pintura española-
Subdivisión cronológica S.XX
9 (RLIN) 16042
650 00 - PUNTO DE ACCESO ADICIONAL DE MATERIA--TÉRMINO DE MATERIA
Término de materia o nombre geográfico como elemento de entrada Pintura española-
Subdivisión cronológica S.XXI
9 (RLIN) 234004
700 ## - ENTRADA AGREGADA--NOMBRE PERSONAL
Nombre de persona Marín-Medina, José,
Fechas asociadas al nombre 1939-
9 (RLIN) 234005
700 1# - ENTRADA AGREGADA--NOMBRE PERSONAL
Nombre de persona Pérez-Guerra, José
9 (RLIN) 234006
700 ## - ENTRADA AGREGADA--NOMBRE PERSONAL
Nombre de persona Antolín Paz, Mario,
Fechas asociadas al nombre 1930-2003
9 (RLIN) 234007
852 ## - LOCALIZACIÓN
Ubicación ES-MaACL
itemnumber 200443
Número de control de estantería N-8616
Ubicación en estantería Depósito J
Donativo/Legado Donación: Editorial
Nota libre En proceso
942 ## - ELEMENTOS DE ENTRADA SECUNDARIOS (KOHA)
Suprimir en OPAC No
Tipo de ítem Koha Libro impreso
Holdings
Estatus retirado Estado de pérdida Fuente del sistema de clasificación o colocación Estado de daño No para préstamo Biblioteca de origen Biblioteca actual Ubicación en estantería Fecha de adquisición Fuente de adquisición Total de préstamos Signatura topográfica completa Código de barras Visto por última vez Precio de reemplazo Tipo de ítem Koha
    Clasificación decimal universal     Biblioteca del Ateneo de Madrid Biblioteca del Ateneo de Madrid Depósito J 22/08/2023 Donación   N-8616 101205736 22/08/2023 22/08/2023 Libro impreso